00000000nam 2200000zi 4500
0019.952536
003CaOODSP
00520250821110908
006m     o  d f      
007cr |n|||||||||
008250620e197606##oncda   obt  f|0| 0 eng d
040 |aCaOODSP|beng|erda|cCaOODSP
043 |an-cn---
0861 |aD68-25/20-1976E-PDF
1001 |aMadill, H. D., |eauthor.
24510|aTrace contaminant detection from diver's hose / |cH.D. Madill, W.R. Burgess.
264 1|aDownsview, Ontario.|bDefence Civil Institute of Environmental Medicine, Department of National Defence - Canada, |cJune 1976.
300 |a1 online resource (11 pages) : |bcharts, illustrations.
336 |atext|btxt|2rdacontent
337 |acomputer|bc|2rdamedia
338 |aonline resource|bcr|2rdacarrier
4901 |aDCIEM technical report ; |vNo. 76-X-46
500 |aDigitized edition from print [produced by Defence Research and Development Canada].
504 |aIncludes bibliographical references (page 11).
520 |a"A number of samples of diver's air hose were assessed by analysing the quality of air passed through them. This was carried out at normal room temperature and at an elevated temperature to simulate the conditions which may be encountered on the deck of a ship"--Introduction, page [1].
650 0|aDiving|xEquipment and supplies.
650 6|aPlongeon|xAppareils et matériel.
7102 |aDefence and Civil Institute of Environmental Medicine (Canada), |eissuing body.
7101 |aCanada. |bDepartment of National Defence, |eissuing body.
830#0|aDCIEM technical report ;|vNo. 76-X-46.|w(CaOODSP)9.943618
85640|qPDF|s419 KB|uhttps://publications.gc.ca/collections/collection_2025/rddc-drdc/D68-25-20-1976-eng.pdf